|
|
|
|
| LEADER |
00000cam a2200000 7i4500 |
| 001 |
0000003927 |
| 005 |
20111124.0 |
| 022 |
0 |
0 |
|a 1985-9120
|
| 090 |
0 |
0 |
|a 315.95113
|b SUPP 2009
|
| 245 |
0 |
0 |
|a Statistik utama :
|b Pulau Pinang
|
| 260 |
0 |
0 |
|a Pulau Pinang :
|b Jabatan Perangkaan Malaysia Negeri Pulau Pinang ,
|c 2009-
|
| 300 |
|
|
|a vii.83 p :
|b .ill (col) ;
|c 21 cm.
|
| 500 |
0 |
0 |
|a Annual
|
| 650 |
0 |
0 |
|a Pulau Pinang
|x Statistics, Vital
|x Periodicals
|
| 650 |
0 |
0 |
|a Pulau Pinang
|x Statistics
|x Periodicals
|
| 850 |
|
|
|a JPSM (2009)
|
| 999 |
|
|
|a 007705
|b Monograph
|c Open Shelf
|e Default branch
|